000 00660nam0a22002291 4500
001 rc\804260
005 20041129090857.5
035 _a(NLR Aleph) 005988294
090 _a7100820
_c7100820
100 _a20041129d1984 u |0rusy50 ca
101 0 _arus
102 _aRU
105 _ay |||||||||
200 1 _aШаг вперед, два шага назад
_e(Кризис в нашей партии)
210 _aМ.
_cПолитиздат
_d1984
215 _a222 с.
_d20
700 1 _aЛенин
_bВ. И.
_gВладимир Ильич
801 0 _aRU
_bNLR
_gpsbo
801 1 _aRU
_bELAR
_2rusmarc
852 _aNLR
_bЛ
_j1-04/1-63
942 _cBOOK
980 _aNB